000 00372pab a2200157 454500
008 180718b2000 xxu||||| |||| 00| 0 eng d
100 _aPandya, A.C.
245 _aRole of post-harvesting and food processing industry
260 _c2000
300 _ap.14-24
362 _aOct
650 _aFood industry
700 _aAli, Nawab
773 _aYojana
909 _a46253
999 _c46253
_d46253